000 00537nam a22002057a 4500
003 koha_MIRAKIL
005 20231213095933.0
008 231213b |||||||| |||| 00| 0 ||| d
020 _b978-6-05-144023-1
040 _aTR-IsEVY
_btur
_cTR-IsEVY
082 _a817.42 MAH/L
100 _aMahir, Ahmet.
245 0 _aLise çılgınlıkları
250 _a1. bs.
260 _bCarpe Diem Kitap,
_c2013
300 _a163 s.
650 _aGençlik romanları -- Mizah.
650 _aJuvenile literature -- Humor.
942 _2ddc
_cBK
999 _c11871
_d11871